| 000 | 00747nam a2200241Ia 4500 | ||
|---|---|---|---|
| 003 | OSt | ||
| 005 | 20220923212316.0 | ||
| 006 | a|||||r|||| 00| 0 | ||
| 007 | ta | ||
| 008 | 220922b |||||||| |||| 00| 0 hin d | ||
| 024 | _a152,132 | ||
| 037 | _cTextual | ||
| 040 |
_aARTS _cARTS _bhin |
||
| 041 |
_2hin _ahin |
||
| 082 | _a/\2:3, 152M4-;1 | ||
| 100 |
_aआनन्द, अरूणा _9156290 |
||
| 245 | 0 | _aप्रवीण योग शिक्षा | |
| 246 | _aPravīṇ yog shikṣhā | ||
| 260 |
_aनई दिल्ली _b प्रवीण प्रकाशन _c1984 |
||
| 300 |
_a142 पृ. _ccm. |
||
| 942 |
_h/\2:3, 152M4-;1 _cTEXL _2CC |
||
| 999 |
_c307804 _d307804 |
||